Human Rights in a Contemporary /Comparative Perspective (Record no. 16421)
[ view plain ]
| 000 -LEADER | |
|---|---|
| fixed length control field | 00506nam a22001817a 4500 |
| 008 - FIXED-LENGTH DATA ELEMENTS--GENERAL INFORMATION | |
| fixed length control field | 260422b |||||||| |||| 00| 0 eng d |
| 020 ## - INTERNATIONAL STANDARD BOOK NUMBER | |
| International Standard Book Number | 9789394095700 |
| Price | 275.00 |
| 040 ## - CATALOGING SOURCE | |
| Original Cataloguing agency | Sibsagar Commerce College Central Library |
| 041 ## - LANGUAGE CODE | |
| Language code of text/sound track or separate title | English |
| 082 ## - DEWEY DECIMAL CLASSIFICATION NUMBER | |
| Classification number | 323 |
| Book Number | SHU |
| 100 ## - MAIN ENTRY--PERSONAL NAME | |
| Personal name | Shukla,Haridwar. |
| 245 ## - TITLE STATEMENT | |
| Title | Human Rights in a Contemporary /Comparative Perspective |
| Statement of responsibility, etc. | By Haridwar Shukla. |
| 260 ## - PUBLICATION, DISTRIBUTION, ETC. | |
| Place of publication, distribution, etc. | Dibrugarh: |
| Name of publisher, distributor, etc. | Mahaveer Publications; |
| Date of publication, distribution, etc. | 2026. |
| 300 ## - PHYSICAL DESCRIPTION | |
| Pages | 215p. |
| 650 ## - Subject | |
| Subject | Political Science |
| 942 ## - ADDED ENTRY ELEMENTS (KOHA) | |
| Source of classification or shelving scheme | Dewey Decimal Classification |
| Koha item type | Books |
| Withdrawn status | Lost status | Source of classification or shelving scheme | Damaged status | Not for loan | Collection code | Home library | Current library | Shelving location | Date acquired | Source of acquisition | Total Checkouts | Full call number | Barcode | Date last seen | Copy number | Cost, replacement price | Price effective from | Koha item type |
|---|---|---|---|---|---|---|---|---|---|---|---|---|---|---|---|---|---|---|
| Dewey Decimal Classification | Political Science | Sibsagar Commerce College Central Library | Sibsagar Commerce College Central Library | General Stacks | 22/04/2026 | Kitap Ghar | 323 SHU | 29260 | 22/04/2026 | 1 | 550.00 | 22/04/2026 | Books | |||||
| Dewey Decimal Classification | Political Science | Sibsagar Commerce College Central Library | Sibsagar Commerce College Central Library | General Stacks | 22/04/2026 | Kitap Ghar | 323 SHU | 29261 | 22/04/2026 | 2 | 550.00 | 22/04/2026 | Books | |||||
| Dewey Decimal Classification | Political Science | Sibsagar Commerce College Central Library | Sibsagar Commerce College Central Library | General Stacks | 22/04/2026 | Kitap Ghar | 323 SHU | 29262 | 22/04/2026 | 3 | 550.00 | 22/04/2026 | Books |
